[Event "Mondiale Lampo FIDE 2019"]
[Site "Mosca"]
[Date "29.12.2019"]
[Round "7.30"]
[White "Grischuk, Alexander"]
[Black "Popov, Ivan RUS"]
[Result "1/2-1/2"]
[WhiteTitle "GM"]
[BlackTitle "GM"]
[WhiteElo "2777"]
[BlackElo "2636"]
[WhiteFideId "4126025"]
[BlackFideId "4170350"]
[EventDate "2019.12.29"]

1. e4 c5 2. Nc3 Nc6 3. Bb5 Nd4 4. Bd3 e6 5. Nce2 Nc6 6. c3 d5 7. Nf3 dxe4 8.
Bxe4 Nf6 9. Bc2 Be7 10. O-O O-O 11. d4 b6 12. Bg5 Ba6 13. Re1 h6 14. Bh4 Rc8 15.
Bd3 Bxd3 16. Qxd3 cxd4 17. Nexd4 Nxd4 18. Nxd4 Nd5 19. Bxe7 Nxe7 20. Rad1 Qd5
21. a3 Rfd8 22. Qe2 Qc5 23. g3 Ng6 24. Qe4 Nf8 25. Nf3 Qc7 26. Ne5 b5 27. h4 a6
28. Qe2 Nh7 29. Nf3 Nf6 30. Rxd8+ Rxd8 31. Rd1 Rxd1+ 32. Qxd1 Nd5 33. Qd4 Nb6
34. Ne5 f6 35. Nd3 Kf7 36. Nc5 a5 37. b4 axb4 38. axb4 Nd5 39. c4 bxc4 40. Qxc4
Qd6 41. Nd3 h5 42. b5 Qb6 43. Qc5 Qxc5 44. Nxc5 Ke7 45. Kg2 Kd6 46. Ne4+ Kc7 47.
Nc5 Kd6 48. Ne4+ Kc7 49. Nc5 Kd6 50. Ne4+ 1/2-1/2

[Event "Mondiale Lampo FIDE 2019"]
[Site "Mosca"]
[Date "29.12.2019"]
[Round "7.31"]
[White "Vitiugov, Nikita"]
[Black "Timofeev, Artyom"]
[Result "1-0"]
[WhiteTitle "GM"]
[BlackTitle "GM"]
[WhiteElo "2747"]
[BlackElo "2588"]
[WhiteFideId "4152956"]
[BlackFideId "4140419"]
[EventDate "2019.12.29"]

1. e4 e5 2. Nf3 Nc6 3. Bc4 Bc5 4. O-O Nf6 5. d3 d6 6. c3 a6 7. a4 h6 8. Re1 O-O
9. Nbd2 a5 10. Bb3 Be6 11. h3 Bxb3 12. Nxb3 Bb6 13. Be3 Bxe3 14. Rxe3 d5 15. Qc2
Qd6 16. Re2 Rad8 17. Rae1 b6 18. exd5 Nxd5 19. g3 Qg6 20. Kh2 f6 21. d4 Qxc2 22.
Rxc2 exd4 23. Nbxd4 Nxd4 24. Nxd4 Rfe8 25. Rxe8+ Rxe8 26. Rd2 Ne7 27. Nb5 c6 28.
Nc7 Rf8 29. Ne6 Rc8 30. Rd7 Kf7 31. Nxg7 Kxg7 32. Rxe7+ Kg6 33. Rb7 b5 34. axb5
cxb5 35. Rxb5 Ra8 36. g4 a4 37. Kg3 a3 38. bxa3 Rxa3 39. Rc5 Ra4 40. h4 h5 41.
Rxh5 Rc4 42. f3 Rxc3 43. Ra5 Rb3 44. Ra6 Rc3 45. g5 1-0

[Event "Mondiale Lampo FIDE 2019"]
[Site "Mosca"]
[Date "29.12.2019"]
[Round "7.32"]
[White "Aravindh, Chithambaram VR."]
[Black "Dominguez Perez, Leinier"]
[Result "0-1"]
[WhiteTitle "GM"]
[BlackTitle "GM"]
[WhiteElo "2605"]
[BlackElo "2758"]
[WhiteFideId "5072786"]
[BlackFideId "3503240"]
[EventDate "2019.12.29"]

1. d4 Nf6 2. c4 e6 3. Nf3 d5 4. Nc3 c5 5. cxd5 Nxd5 6. g3 Nxc3 7. bxc3 cxd4 8.
cxd4 Bb4+ 9. Bd2 Bxd2+ 10. Qxd2 b6 11. Bg2 Bb7 12. O-O O-O 13. Rfe1 Be4 14. Ne5
Bxg2 15. Kxg2 Nc6 16. Nf3 Qd6 17. e4 Rfd8 18. Rad1 h6 19. Re3 Qb4 20. Qc3 Qa4
21. Rd2 Rac8 22. Qa3 Qxa3 23. Rxa3 Na5 24. Rad3 Nc4 25. Re2 Kf8 26. h4 b5 27.
Ne1 a5 28. a3 Rc7 29. Nc2 Rdc8 30. Rb3 Nd6 31. e5 Nf5 32. Rb2 Rc3 33. Rd2 Rb8
34. Ne1 Rxa3 35. Nf3 Ne7 36. d5 Nxd5 37. Nd4 b4 38. Rdc2 Rc3 39. Nc6 Rxc2 40.
Rxc2 Rc8 41. Rc4 a4 0-1

[Event "Mondiale Lampo FIDE 2019"]
[Site "Mosca"]
[Date "29.12.2019"]
[Round "7.33"]
[White "Gelfand, Boris"]
[Black "Ruck, Robert"]
[Result "1/2-1/2"]
[WhiteTitle "GM"]
[BlackTitle "GM"]
[WhiteElo "2684"]
[BlackElo "2530"]
[WhiteFideId "2805677"]
[BlackFideId "705713"]
[EventDate "2019.12.29"]

1. c4 e5 2. Nc3 Nf6 3. Nf3 Nc6 4. e4 Bb4 5. d3 d6 6. a3 Bxc3+ 7. bxc3 h6 8. g3
O-O 9. Bg2 Ne8 10. O-O f5 11. exf5 Bxf5 12. Nh4 Bh7 13. Rb1 Rb8 14. f4 exf4 15.
Bxf4 Nf6 16. Qd2 Qd7 17. Nf3 b6 18. Kh1 Rbe8 19. Rbe1 Rf7 20. Nd4 Nxd4 21. cxd4
Rxe1 22. Rxe1 Re7 23. Rxe7 Qxe7 24. Be3 Qe6 25. Kg1 Qf5 26. Bf1 Ng4 27. h3 Nxe3
28. Qxe3 Kf8 29. g4 Qf6 30. Bg2 Qe7 31. Qf4+ Qf6 32. Qe3 Qe7 1/2-1/2

[Event "Mondiale Lampo FIDE 2019"]
[Site "Mosca"]
[Date "29.12.2019"]
[Round "7.34"]
[White "Kobalia, Mikhail"]
[Black "Sjugirov, Sanan"]
[Result "1-0"]
[WhiteTitle "GM"]
[BlackTitle "GM"]
[WhiteElo "2609"]
[BlackElo "2665"]
[WhiteFideId "4119150"]
[BlackFideId "4189302"]
[EventDate "2019.12.29"]

1. e4 c5 2. Nf3 d6 3. Bb5+ Nd7 4. O-O a6 5. Bd3 Ngf6 6. c3 b5 7. Bc2 Bb7 8. Qe2
e5 9. d4 Be7 10. Re1 O-O 11. Nbd2 Qc7 12. Nf1 Rfe8 13. Ng3 Bf8 14. a4 exd4 15.
cxd4 Nxe4 16. Nxe4 d5 17. axb5 dxe4 18. Ng5 axb5 19. Rxa8 Bxa8 20. Qxb5 Rb8 21.
Qc4 Nb6 22. Qe2 cxd4 23. Nxe4 Qc6 24. f3 Nd5 25. Qd3 Rc8 26. Bb3 Qb6 27. Ng5 g6
28. Bd2 Bb7 29. h4 Qd6 30. h5 Qg3 31. Ne4 Qh4 32. g3 Qh3 33. Bxd5 Bxd5 34. Nf6+
Kg7 35. h6+ Kh8 36. Nxd5 Qxg3+ 37. Kf1 Qh3+ 38. Kg1 Qg3+ 39. Kf1 Qh3+ 40. Kg1
Qg3+ 41. Kf1 Qh3+ 42. Ke2 Qe6+ 43. Qe4 d3+ 44. Kf2 Qh3 45. Qe5+ Kg8 46. Nf6+ Kh8
47. Ng4+ Kg8 48. Bc3 Qh4+ 49. Kg2 Rxc3 50. bxc3 d2 51. Rd1 f5 52. Qe6+ Kh8 53.
Qf6+ 1-0

[Event "Mondiale Lampo FIDE 2019"]
[Site "Mosca"]
[Date "29.12.2019"]
[Round "7.35"]
[White "Cheparinov, Ivan"]
[Black "Bosiocic, Marin"]
[Result "0-1"]
[WhiteTitle "GM"]
[BlackTitle "GM"]
[WhiteElo "2687"]
[BlackElo "2623"]
[WhiteFideId "2905540"]
[BlackFideId "14507927"]
[EventDate "2019.12.29"]

1. Nf3 d5 2. d4 Nf6 3. c4 e6 4. Nc3 Bb4 5. cxd5 exd5 6. Bg5 h6 7. Bh4 O-O 8. e3
Bf5 9. Qb3 Bxc3+ 10. bxc3 Nbd7 11. Be2 c5 12. dxc5 Nxc5 13. Qb4 Rc8 14. O-O Nce4
15. c4 dxc4 16. Bxc4 Qc7 17. Bb3 a5 18. Qa3 b5 19. Nd4 b4 20. Qb2 Qe5 21. Rfe1
Nc3 22. f4 Qc5 23. Bxf6 gxf6 24. Qf2 Be4 25. Qh4 Kg7 26. Be6 Rc7 27. Bh3 Rd8 28.
Qg3+ Kh7 29. Qh4 Rxd4 30. exd4 Qxd4+ 31. Kh1 f5 32. Qh5 Qf6 33. Re3 Nd5 0-1

[Event "Mondiale Lampo FIDE 2019"]
[Site "Mosca"]
[Date "29.12.2019"]
[Round "7.36"]
[White "Sadhwani, Raunak"]
[Black "Riazantsev, Alexander"]
[Result "1-0"]
[WhiteTitle "IM"]
[BlackTitle "GM"]
[WhiteElo "2507"]
[BlackElo "2639"]
[WhiteFideId "35093487"]
[BlackFideId "4125029"]
[EventDate "2019.12.29"]

1. c4 e6 2. Nf3 d5 3. g3 dxc4 4. Qa4+ Bd7 5. Qxc4 c5 6. Ne5 Nc6 7. Nxd7 Qxd7 8.
Bg2 Nf6 9. O-O Be7 10. d3 O-O 11. Nc3 Rac8 12. Qa4 Rfd8 13. Bd2 a6 14. Rfd1 h6
15. Rac1 Rc7 16. Kf1 Qc8 17. Ne4 b5 18. Nxf6+ Bxf6 19. Qc2 Be7 20. Qb1 Qd7 21.
b3 Rcc8 22. Bc3 Bf8 23. Qb2 Qd6 24. Be4 Rd7 25. a4 Ne7 26. axb5 axb5 27. Ra1 Nd5
28. Bd2 Be7 29. Ra5 Bf6 30. Qa3 Bc3 31. Ra8 Rxa8 32. Qxa8+ Rd8 33. Qa2 Bxd2 34.
Qxd2 Nf6 35. Bf3 Qd4 36. Qa5 Rb8 37. Rc1 Qd6 38. Qa7 Nd7 39. Ra1 Rd8 40. Ra6 Qd4
41. Qc7 Ne5 42. Be4 c4 43. e3 Qd7 44. Qxe5 cxd3 45. Qd4 Qxd4 46. exd4 d2 47. Bc2
Rxd4 48. Ra8+ 1-0

[Event "Mondiale Lampo FIDE 2019"]
[Site "Mosca"]
[Date "29.12.2019"]
[Round "7.37"]
[White "Ganguly, Surya Shekhar"]
[Black "Grachev, Boris"]
[Result "1-0"]
[WhiteTitle "GM"]
[BlackTitle "GM"]
[WhiteElo "2633"]
[BlackElo "2614"]
[WhiteFideId "5002150"]
[BlackFideId "4129199"]
[EventDate "2019.12.29"]

1. Nf3 d5 2. e3 Nf6 3. c4 e6 4. b3 Be7 5. Bb2 O-O 6. Nc3 c5 7. cxd5 exd5 8. d4
Nc6 9. Be2 Ne4 10. dxc5 Bf6 11. Nd4 Qa5 12. Rc1 Nxc5 13. Nxc6 bxc6 14. O-O Ne6
15. Qd2 Rd8 16. Rfd1 d4 17. Ne4 Qxd2 18. Nxf6+ gxf6 19. Rxd2 c5 20. exd4 cxd4
21. Rcd1 a5 22. Bxd4 Nxd4 23. Rxd4 Rxd4 24. Rxd4 Be6 25. Bc4 Rc8 26. g3 Rc5 27.
Kf1 Kg7 28. Ke2 Re5+ 29. Kd2 Rf5 30. Ke3 Rc5 31. Re4 Bf5 32. Re7 Bg6 33. f4 a4
34. g4 f5 35. gxf5 Rxf5 36. bxa4 Rh5 37. a5 Rxa5 38. Re5 Ra3+ 39. Kd4 Rf3 40. a4
Rxf4+ 41. Kc5 Rf2 42. a5 Rxh2 43. a6 Rh1 44. Kb6 Rb1+ 45. Rb5 Ra1 46. a7 Be4 47.
Bd5 Bxd5 48. Rxd5 Rxa7 49. Kxa7 Kg6 50. Kb6 h5 51. Kc5 h4 52. Kd4 h3 1-0

[Event "Mondiale Lampo FIDE 2019"]
[Site "Mosca"]
[Date "29.12.2019"]
[Round "7.38"]
[White "Savchenko, Boris"]
[Black "Gareyev, Timur"]
[Result "1-0"]
[WhiteTitle "GM"]
[BlackTitle "GM"]
[WhiteElo "2577"]
[BlackElo "2598"]
[WhiteFideId "4147332"]
[BlackFideId "14200937"]
[EventDate "2019.12.29"]

1. e4 e5 2. Nf3 Nc6 3. Bc4 Nf6 4. d3 h6 5. c3 d6 6. a4 g5 7. a5 a6 8. Qb3 Qe7 9.
Nbd2 Nd7 10. Nf1 Nc5 11. Qc2 f5 12. b4 fxe4 13. dxe4 Ne6 14. Ne3 Nf4 15. g3 Nh3
16. Nd5 Qg7 17. Be3 Rh7 18. Nd2 Qg6 19. f3 h5 20. b5 axb5 21. Bxb5 Kd8 22. Nc4
h4 23. Rf1 Be6 24. Qd2 Nb8 25. Ba4 Na6 26. Rb1 Kc8 27. Qb2 Bxd5 28. exd5 Kd8 29.
Bc2 Qf7 30. Bxh7 Qxh7 31. Kd2 Ke7 32. Qxb7 Rb8 33. Qxb8 Nxb8 34. Rxb8 hxg3 35.
hxg3 g4 36. fxg4 Bh6 37. g5 Bxg5 38. Rbf8 Qg6 39. R1f7+ Qxf7 40. Rxf7+ Kxf7 41.
a6 1-0

[Event "Mondiale Lampo FIDE 2019"]
[Site "Mosca"]
[Date "29.12.2019"]
[Round "7.39"]
[White "Alonso Rosell, Alvar"]
[Black "Xu, Yinglun"]
[Result "1/2-1/2"]
[WhiteTitle "GM"]
[BlackTitle "GM"]
[WhiteElo "2548"]
[BlackElo "2555"]
[WhiteFideId "2270544"]
[BlackFideId "8604940"]
[EventDate "2019.12.29"]

1. d4 d5 2. Nf3 Nf6 3. c4 e6 4. cxd5 exd5 5. Nc3 c6 6. Bg5 Be7 7. e3 Bf5 8. Bd3
Bxd3 9. Qxd3 Nbd7 10. O-O O-O 11. Qc2 a5 12. Nd2 Ne8 13. Bxe7 Qxe7 14. e4 dxe4
15. Ndxe4 Nef6 16. Rfe1 Rfe8 17. Qb3 Nxe4 18. Rxe4 Qb4 19. Qc2 Rxe4 20. Nxe4 Re8
21. Rd1 h6 22. h3 Qe7 23. Re1 Qb4 24. Rd1 Qe7 1/2-1/2

[Event "Mondiale Lampo FIDE 2019"]
[Site "Mosca"]
[Date "29.12.2019"]
[Round "7.40"]
[White "Petrosyan, Manuel"]
[Black "Bocharov, Dmitry"]
[Result "1-0"]
[WhiteTitle "GM"]
[BlackTitle "GM"]
[WhiteElo "2613"]
[BlackElo "2524"]
[WhiteFideId "13300857"]
[BlackFideId "4138716"]
[EventDate "2019.12.29"]

1. c4 c5 2. Nc3 g6 3. g3 Bg7 4. Bg2 Nc6 5. d3 d6 6. Qd2 e5 7. b3 Nge7 8. Bb2 O-O
9. h4 h6 10. O-O-O f5 11. Nh3 a6 12. f4 b5 13. h5 gxh5 14. Nd5 Rb8 15. Nf2 Be6
16. Nxe7+ Nxe7 17. Rxh5 Bf7 18. Rh2 Ng6 19. Rdh1 bxc4 20. dxc4 a5 21. Bd5 Qe7
22. fxe5 Nxe5 23. Rxh6 a4 24. Rh7 Qf6 25. g4 axb3 26. g5 Qe7 27. g6 1-0

[Event "Mondiale Lampo FIDE 2019"]
[Site "Mosca"]
[Date "29.12.2019"]
[Round "7.41"]
[White "Christiansen, Johan-Sebastian"]
[Black "Deviatkin, Andrei"]
[Result "1-0"]
[WhiteTitle "GM"]
[BlackTitle "GM"]
[WhiteElo "2597"]
[BlackElo "2436"]
[WhiteFideId "1512668"]
[BlackFideId "4121260"]
[EventDate "2019.12.29"]

1. e4 c6 2. d4 d5 3. Nd2 h6 4. Ngf3 dxe4 5. Nxe4 Bf5 6. Ng3 Bh7 7. Bd3 Bxd3 8.
Qxd3 Nd7 9. Bd2 e6 10. O-O-O Ngf6 11. Kb1 Be7 12. Ne4 Nxe4 13. Qxe4 Nf6 14. Qe2
Qd5 15. Rhe1 Qf5 16. Ne5 h5 17. f3 Nd7 18. g4 Qf6 19. Nd3 O-O-O 20. Bc3 Qg5 21.
h3 hxg4 22. hxg4 Bd6 23. f4 Qg6 24. Ne5 Bxe5 25. dxe5 Nb6 26. Bb4 Nd5 27. Bd6
Rh3 28. f5 exf5 29. Qf2 fxg4 30. Qxa7 Rh2 31. Qb8+ Kd7 32. Qxb7+ Ke6 33. Qxc6
Rxc2 34. Qxd5+ Kd7 35. Ba3+ Kc8 36. Qxd8+ Kb7 37. Ka1 1-0

[Event "Mondiale Lampo FIDE 2019"]
[Site "Mosca"]
[Date "29.12.2019"]
[Round "7.42"]
[White "Ivanisevic, Ivan"]
[Black "Murzin, Volodar"]
[Result "1-0"]
[WhiteTitle "GM"]
[BlackTitle "IM"]
[WhiteElo "2593"]
[BlackElo "2442"]
[WhiteFideId "912417"]
[BlackFideId "44155573"]
[EventDate "2019.12.29"]

1. c4 c6 2. Nf3 Nf6 3. g3 d5 4. Qc2 g6 5. b3 Bg7 6. Bb2 O-O 7. Bg2 a5 8. a3 a4
9. b4 dxc4 10. Qxc4 Nbd7 11. O-O Nb6 12. Qc2 Be6 13. d3 Rc8 14. Nbd2 Re8 15. h3
Bd7 16. e4 Ra8 17. Rfe1 Qc8 18. Kh2 Rd8 19. Rac1 Be8 20. d4 Qc7 21. Ne5 Nfd7 22.
Nd3 e5 23. d5 Nf8 24. Nf3 f6 25. Red1 Bh6 26. Rb1 Rac8 27. Bc1 Bg7 28. Be3 Nxd5
29. exd5 e4 30. Nf4 exf3 31. Bxf3 f5 32. Rbc1 Qf7 33. Bb6 Rd7 34. d6 Ra8 35. Bc5
Bh6 36. Re1 Bxf4 37. gxf4 Qg7 38. Re3 Bf7 39. Rce1 Qh6 40. Kg3 g5 41. fxg5 Qxg5+
42. Kh2 Ng6 43. Qd2 Rad8 44. Re8+ Rxe8 45. Rxe8+ Bxe8 46. Qxg5 Rf7 47. Be2 Kg7
48. Bd4+ Kf8 49. Bc4 Bd7 50. Bxf7 1-0

[Event "Mondiale Lampo FIDE 2019"]
[Site "Mosca"]
[Date "29.12.2019"]
[Round "7.43"]
[White "Salgado Lopez, Ivan"]
[Black "Can, Emre"]
[Result "1/2-1/2"]
[WhiteTitle "GM"]
[BlackTitle "GM"]
[WhiteElo "2605"]
[BlackElo "2600"]
[WhiteFideId "2257327"]
[BlackFideId "6302181"]
[EventDate "2019.12.29"]

1. e4 g6 2. d4 Bg7 3. Nf3 d6 4. Bd3 Nf6 5. O-O O-O 6. Re1 Nc6 7. c3 e5 8. Bg5 h6
9. Bh4 Qe8 10. dxe5 Nxe5 11. Nxe5 dxe5 12. Nd2 Be6 13. Bc4 Rd8 14. Bxe6 Qxe6 15.
Qc2 Rd7 16. Nb3 Qc6 17. f3 Rfd8 18. Rad1 Bf8 19. Rxd7 Rxd7 20. Bf2 Nh5 21. Rd1
Nf4 22. Rxd7 Qxd7 23. Qd2 Qxd2 24. Nxd2 Nd3 25. b3 b6 26. Kf1 f6 27. Be3 Kf7 28.
Ke2 Nc1+ 29. Kd1 Nd3 30. Ke2 Nc1+ 31. Kd1 Nd3 32. Ke2 Nc1+ 33. Kd1 1/2-1/2

[Event "Mondiale Lampo FIDE 2019"]
[Site "Mosca"]
[Date "29.12.2019"]
[Round "7.44"]
[White "Sethuraman, S.P."]
[Black "Zvjaginsev, Vadim"]
[Result "1/2-1/2"]
[WhiteTitle "GM"]
[BlackTitle "GM"]
[WhiteElo "2638"]
[BlackElo "2627"]
[WhiteFideId "5021596"]
[BlackFideId "4113403"]
[EventDate "2019.12.29"]

1. Nf3 d6 2. d4 Nf6 3. c4 g6 4. Nc3 Bf5 5. d5 c5 6. Nd2 Bh6 7. e3 O-O 8. Be2 e5
9. O-O Bg7 10. a3 h5 11. b4 e4 12. Bb2 Nbd7 13. Qc2 Qe7 14. Nb3 b6 15. Rad1 Ne5
16. bxc5 bxc5 17. Na5 Nd3 18. Ba1 Qd7 19. Nc6 Rfe8 20. Qb3 Ne5 21. Nxe5 Rxe5 22.
Qa4 Qd8 23. Nb5 Re7 24. Rb1 Bg4 25. Rfe1 Bxe2 26. Rxe2 Ng4 27. Bxg7 Kxg7 28. Qa6
Rb8 29. Reb2 Rb6 30. Qa5 Reb7 31. a4 a6 32. Qc3+ Qf6 33. Qxf6+ Kxf6 34. a5 axb5
35. cxb5 Ne5 36. axb6 Nc4 37. Ra2 Nxb6 38. Ra6 Ke5 39. Kf1 Nxd5 40. b6 f5 41.
Ke1 Nb4 42. Ra7 Rxb6 43. Kd2 d5 44. Re7+ Kd6 45. Rg7 Ke5 46. Rc7 Kd6 47. Rg7 Ke5
48. Rc7 Kd6 1/2-1/2

[Event "Mondiale Lampo FIDE 2019"]
[Site "Mosca"]
[Date "29.12.2019"]
[Round "7.45"]
[White "Tengis, Tsog-Ochir"]
[Black "Mozharov, Mikhail"]
[Result "1-0"]
[WhiteTitle "FM"]
[BlackTitle "GM"]
[WhiteElo "2190"]
[BlackElo "2558"]
[WhiteFideId "4902718"]
[BlackFideId "4189825"]
[EventDate "2019.12.29"]

1. Nf3 d5 2. c4 d4 3. g3 g6 4. b4 Bg7 5. d3 e5 6. Bg2 Ne7 7. O-O a5 8. b5 c5 9.
Nbd2 Nd7 10. a4 Rb8 11. Ra2 b6 12. e4 O-O 13. h3 h6 14. Nh2 f5 15. f4 exf4 16.
gxf4 fxe4 17. dxe4 Nf6 18. e5 Nh5 19. Ne4 Nf5 20. Bf3 Nhg3 21. Nxg3 Nxg3 22. Re1
Bxh3 23. Bg4 Qh4 24. Bxh3 Qxh3 25. Qd3 Qh4 26. Rg2 Nf5 27. Bd2 Kh7 28. Rf1 Rg8
29. Rf3 Bf8 30. Ng4 Be7 31. Rh3 Rbf8 32. Rxh4 Nxh4 33. Rh2 h5 34. Nf2 Nf5 35.
Ne4 Rf7 36. Kg2 Rgf8 37. e6 Rg7 38. Kg1 Kg8 39. Rg2 Nh6 40. Qh3 Nf5 1-0

[Event "Mondiale Lampo FIDE 2019"]
[Site "Mosca"]
[Date "29.12.2019"]
[Round "7.46"]
[White "Aronian, Levon"]
[Black "Piorun, Kacper"]
[Result "1-0"]
[WhiteTitle "GM"]
[BlackTitle "GM"]
[WhiteElo "2775"]
[BlackElo "2611"]
[WhiteFideId "13300474"]
[BlackFideId "1130420"]
[EventDate "2019.12.29"]

1. d4 g6 2. e4 Bg7 3. Nf3 d6 4. c3 Nf6 5. Bd3 O-O 6. O-O Nc6 7. h3 e5 8. Re1 Nh5
9. Be3 h6 10. Nbd2 Qf6 11. d5 Ne7 12. c4 Nf4 13. Bf1 g5 14. c5 Neg6 15. Rc1 g4
16. hxg4 Bxg4 17. Qb3 Qe7 18. Qxb7 Rab8 19. Qxa7 f5 20. cxd6 Qxd6 21. Rxc7 Qf6
22. Rc6 Qd8 23. Nh2 h5 24. g3 Qg5 25. Ndf3 Bxf3 26. Nxf3 Qg4 27. Nh2 Nh3+ 28.
Bxh3 Qxh3 29. Rxg6 1-0

[Event "Mondiale Lampo FIDE 2019"]
[Site "Mosca"]
[Date "29.12.2019"]
[Round "7.47"]
[White "Nihal, Sarin"]
[Black "Zarnicki, Pablo"]
[Result "1-0"]
[WhiteTitle "GM"]
[BlackTitle "GM"]
[WhiteElo "2612"]
[BlackElo "2514"]
[WhiteFideId "25092340"]
[BlackFideId "100137"]
[EventDate "2019.12.29"]

1. e4 e5 2. Nf3 Nf6 3. Nxe5 d6 4. Nf3 Nxe4 5. d4 d5 6. Bd3 Nc6 7. O-O Be7 8. Re1
Bf5 9. Nbd2 Nxd2 10. Qxd2 Bxd3 11. Qxd3 O-O 12. c3 h6 13. Bf4 Bd6 14. Ne5 Bxe5
15. dxe5 Qd7 16. Rad1 Rad8 17. Qg3 Kh7 18. e6 fxe6 19. Bxc7 Rde8 20. Qd3+ Kg8
21. Bg3 Rd8 22. h3 a6 23. Re2 Qf7 24. f3 Rfe8 25. Rde1 Qf6 26. Be5 Qf5 27. Qd2
Rd7 28. Kh2 Rdd8 29. Re3 Qf7 30. Qf2 Rf8 31. Qg3 Ne7 32. R3e2 Nf5 33. Qf4 Rfe8
34. Bd4 Qg6 35. Qe5 Nxd4 36. Qxd4 Kf7 37. Re5 Qf6 38. a4 Rd7 39. Kh1 Rde7 40.
Qb6 Kg8 41. Qd4 Kf7 42. Kg1 Kg8 43. Qd2 Kf7 44. Qe3 Kg8 45. Kh2 Kf7 46. Qf2 Kg8
47. Qg3 Kf7 48. f4 Kg8 49. Qe3 Kf7 50. Re2 Kg8 51. f5 Kf7 52. Qf3 exf5 53. Rxf5
Rxe2 54. Rxf6+ gxf6 55. Qxd5+ Kg6 56. Qxb7 a5 57. b4 R8e5 58. b5 Ra2 59. Qc8
Rxa4 1-0

[Event "Mondiale Lampo FIDE 2019"]
[Site "Mosca"]
[Date "29.12.2019"]
[Round "7.48"]
[White "Laznicka, Viktor"]
[Black "Zhigalko, Sergei"]
[Result "0-1"]
[WhiteTitle "GM"]
[BlackTitle "GM"]
[WhiteElo "2648"]
[BlackElo "2571"]
[WhiteFideId "316385"]
[BlackFideId "13502956"]
[EventDate "2019.12.29"]

1. d4 Nf6 2. Nf3 e6 3. Bg5 h6 4. Bh4 b6 5. e3 Bb7 6. Be2 Be7 7. O-O O-O 8. c4
Ne4 9. Bxe7 Qxe7 10. Nbd2 d6 11. Nxe4 Bxe4 12. Nd2 Bb7 13. Bf3 c6 14. b4 Nd7 15.
b5 Rfc8 16. a4 d5 17. bxc6 Bxc6 18. cxd5 Bxd5 19. Bxd5 exd5 20. Qb3 Nf6 21. Rfc1
Qd7 22. h3 Rxc1+ 23. Rxc1 Rc8 24. Ra1 Qc7 25. Nf1 Qc2 26. Qxc2 Rxc2 27. f3 Kf8
28. Rb1 Ra2 29. Rb4 Ke7 30. Ng3 g6 31. e4 Kd7 32. e5 Ne8 33. f4 Ng7 34. h4 h5
35. Kh2 Kc6 36. Kh3 a5 37. Rb1 Rxa4 38. f5 gxf5 39. Rf1 Rxd4 40. Nxf5 Nxf5 41.
Rxf5 a4 42. Rxh5 a3 43. Rf5 b5 44. h5 a2 45. Rf1 Ra4 46. Ra1 b4 47. h6 b3 48. h7
Ra8 49. e6 fxe6 50. g4 Rh8 0-1

[Event "Mondiale Lampo FIDE 2019"]
[Site "Mosca"]
[Date "29.12.2019"]
[Round "7.49"]
[White "Anton Guijarro, David"]
[Black "Kovalev, Vladislav"]
[Result "1-0"]
[WhiteTitle "GM"]
[BlackTitle "GM"]
[WhiteElo "2685"]
[BlackElo "2662"]
[WhiteFideId "2285525"]
[BlackFideId "13504398"]
[EventDate "2019.12.29"]

1. Nf3 Nf6 2. b3 e6 3. Bb2 d5 4. c4 Be7 5. g3 O-O 6. Bg2 b6 7. cxd5 exd5 8. O-O
Bb7 9. e3 Nbd7 10. Nc3 Re8 11. Rc1 a6 12. Ne2 Bf8 13. Re1 Rc8 14. Bh3 c5 15.
Bxf6 Nxf6 16. Bxc8 Bxc8 17. d3 Bg4 18. Kg2 Qd7 19. Neg1 h5 20. h3 Bf5 21. Nh4
Be6 22. e4 g6 23. e5 Nh7 24. d4 Ng5 25. Kh2 Nxh3 26. Nxh3 Bxh3 27. f4 Bg4 28.
Qd3 Qe6 29. a3 a5 30. b4 cxb4 31. axb4 Bxb4 32. Rf1 Bf8 33. f5 gxf5 34. Nxf5 Qg6
35. Rc3 Bb4 36. Qb5 Rf8 37. Rc6 Qg5 38. Nh6+ Kg7 39. Rcf6 Be7 40. Rxf7+ Rxf7 41.
Rxf7+ Kxh6 42. Qxb6+ Qg6 43. Qxg6+ Kxg6 44. Rxe7 Kf5 45. e6 Kf6 46. Ra7 Bxe6 47.
Kg2 Kf5 48. Kf3 a4 49. Rxa4 Bd7 50. Ra5 Be6 51. Ra8 Kg5 52. Re8 Kf5 53. Rd8 Kg5
54. Ke3 Kf5 55. Kf2 Ke4 56. Re8 Kf5 57. Kf3 Bf7 58. Re5+ Kf6 59. Kf4 Kg6 60. Re7
Kf6 61. Rxf7+ Kxf7 1-0

[Event "Mondiale Lampo FIDE 2019"]
[Site "Mosca"]
[Date "29.12.2019"]
[Round "7.50"]
[White "Salem, A.R. Saleh"]
[Black "Bartel, Mateusz"]
[Result "0-1"]
[WhiteTitle "GM"]
[BlackTitle "GM"]
[WhiteElo "2675"]
[BlackElo "2634"]
[WhiteFideId "9301348"]
[BlackFideId "1112635"]
[EventDate "2019.12.29"]

1. d4 d5 2. c4 c6 3. Nf3 Nf6 4. Nc3 dxc4 5. e4 b5 6. Be2 b4 7. Na4 Nxe4 8. Bxc4
Nd6 9. Bb3 e6 10. O-O Nf5 11. Bf4 Be7 12. Rc1 O-O 13. Re1 Ba6 14. Nc5 Bb5 15. g4
Nh4 16. Nxh4 Bxh4 17. a4 bxa3 18. bxa3 Nd7 19. a4 Nxc5 20. Rxc5 Ba6 21. g5 Qb6
22. Re3 Rad8 23. Rh3 Qb4 24. Rxh4 Rxd4 25. Qc2 Qe1+ 26. Kg2 Bf1+ 27. Kf3 Rd3+
28. Be3 Rxe3+ 29. fxe3 Qxh4 30. Qf2 Qh3+ 31. Qg3 Bg2+ 32. Kf2 Qxg3+ 33. Kxg3 Bh1
34. Ra5 Ra8 35. Kf4 Kf8 36. Ke5 Ke7 37. Kd4 f6 38. gxf6+ gxf6 39. Bc2 Kd6 40.
Bxh7 e5+ 41. Kc3 Kc7 42. Bf5 Kb6 43. Kb4 Bd5 44. e4 Bf7 45. h4 Rd8 0-1

[Event "Mondiale Lampo FIDE 2019"]
[Site "Mosca"]
[Date "29.12.2019"]
[Round "7.51"]
[White "Krsnik Cohar, Ivan Vihor"]
[Black "Indjic, Aleksandar"]
[Result "0-1"]
[WhiteTitle "FM"]
[BlackTitle "GM"]
[WhiteElo "2313"]
[BlackElo "2619"]
[WhiteFideId "14520044"]
[BlackFideId "911925"]
[EventDate "2019.12.29"]

1. d4 g6 2. Bg5 Bg7 3. c3 d6 4. Nd2 Nd7 5. e4 f6 6. Bh4 e5 7. dxe5 dxe5 8. Bc4
Qe7 9. Qe2 Nh6 10. Ngf3 Nf7 11. O-O O-O 12. Rfd1 Kh8 13. Nf1 a5 14. a4 Nc5 15.
h3 Nd6 16. Bd3 Nxd3 17. Rxd3 b6 18. Rdd1 Ba6 19. Qe1 Bb7 20. N3d2 Qe6 21. f3 f5
22. exf5 gxf5 23. Bf2 Rae8 24. b4 axb4 25. cxb4 e4 26. Rac1 Qg6 27. fxe4 Nxe4
28. Nxe4 Rxe4 29. Qd2 Re2 0-1